[Event "Amber Blindfold"]
[Site "Monaco MNC"]
[Date "2002.03.28"]
[Round "11"]
[White "Ivanchuk,V"]
[Black "Leko,P"]
[Result "1/2-1/2"]
[WhiteElo "2717"]
[BlackElo "2713"]
[EventDate "2002.03.16"]

1. d4 Nf6 2. c4 e6 3. g3 d5 4. Bg2 dxc4 5. Qa4+ Nbd7 6. Nf3 a6 7. Qxc4 b5
8. Qc6 Rb8 9. Bf4 Nd5 10. Bg5 Be7 11. Bxe7 Qxe7 12. Nc3 Bb7 13. Nxd5 Bxc6
14. Nxe7 Kxe7 15. Rc1 Bd5 16. Rxc7 Rhc8 17. Ra7 Ra8 18. Rxa8 Bxa8 19. Kd2
Nf6 20. Rb1 Ng4 21. Ke1 Be4 22. Rd1 Rc2 23. h3 Nf6 24. Rd2 Rc1+ 25. Rd1 Rc2
1/2-1/2

[Event "Amber Blindfold"]
[Site "Monaco MNC"]
[Date "2002.03.28"]
[Round "11"]
[White "Shirov,A"]
[Black "Kramnik,V"]
[Result "1/2-1/2"]
[WhiteElo "2715"]
[BlackElo "2809"]
[EventDate "2002.03.16"]

1. e4 e5 2. Nf3 Nc6 3. Bb5 a6 4. Ba4 Nf6 5. O-O Be7 6. Re1 b5 7. Bb3 d6 8.
c3 O-O 9. h3 Nb8 10. d4 Nbd7 11. Nbd2 Bb7 12. Bc2 Re8 13. Nf1 Bf8 14. Ng3
g6 15. a4 c5 16. d5 c4 17. Bg5 h6 18. Be3 Nc5 19. Qd2 h5 20. Ra3 Nfd7 21.
Rea1 Bg7 22. Bg5 Bf6 23. Bh6 Qe7 24. Qc1 Nb6 25. axb5 axb5 26. Ra5 Qd7 27.
Bg5 Bg7 28. Bh6 Bf6 29. Bg5 Bg7 30. Bh6 1/2-1/2